000 00349nam a22001337a 4500
020 _qPB.
040 _cFIZZA ISHAQ
082 _a005.133
_bJOH
100 _aOUSTERHOUT,K.JOHN.
_9134167
245 _aTCL AND THE TK TOOLKIT /
_cJOHN K.OUSTERHOUT.
260 _aNEW YORK ;
_bADDISON WESLEY,
_c1994.
300 _a458 P. ;
_c9.5X7.6IN
942 _2ddc
_cBK
999 _c617116
_d617116